[Event "World Chess Olympiad 2018"]
[Site "Batumi"]
[Date "2018.10.05"]
[Round "11"]
[Board "1"]
[WhiteFideId "31900232"]
[White "Guterres Luis"]
[BlackFideId "16600037"]
[Black "Montel Jr Cyril Tomas"]
[Result "0-1"]
[LiveChessVersion "1.4.8"]
[BlackElo "1882"]
[WhiteElo "1779"]

1. e4 {[%clk 1:30:55]} e6 {[%clk 1:30:45]} 2. d4 {[%clk 1:31:07]} d5
{[%clk 1:31:11]} 3. e5 {[%clk 1:30:58]} c5 {[%clk 1:31:31]} 4. c3
{[%clk 1:29:39]} Qb6 {[%clk 1:31:55]} 5. Nf3 {[%clk 1:29:34]} Nc6
{[%clk 1:32:05]} 6. dxc5 {[%clk 1:23:20]} Bxc5 7. Bd2 {[%clk 1:21:19]} Bxf2+
{[%clk 1:32:31]} 8. Ke2 {[%clk 1:21:32]} f6 {[%clk 1:31:45]} 9. exf6
{[%clk 1:18:16]} Nxf6 {[%clk 1:31:56]} 10. Qc2 {[%clk 1:18:09]} O-O
{[%clk 1:30:33]} 11. Be1 {[%clk 1:13:28]} Qe3+ {[%clk 1:29:10]} 12. Kd1
{[%clk 1:13:39]} Bxe1 {[%clk 1:26:16]} 13. Nxe1 {[%clk 1:13:51]} Ne4
{[%clk 1:26:23]} 14. Nd3 {[%clk 1:12:58]} e5 {[%clk 1:10:32]} 15. Qe2
{[%clk 1:09:36]} Qg5 {[%clk 1:00:01]} 16. Kc2 {[%clk 1:08:09]} Bf5
{[%clk 0:57:39]} 17. Qe1 {[%clk 1:05:00]} Rac8 {[%clk 0:55:47]} 18. b3
{[%clk 0:57:42]} Nf2 {[%clk 0:54:09]} 19. Rg1 {[%clk 0:57:28]} Nb4+
{[%clk 0:54:20]} 20. Kb2 {[%clk 0:56:47]} Nbxd3+ {[%clk 0:51:34]} 21. Bxd3
{[%clk 0:56:52]} Nxd3+ {[%clk 0:51:56]} 22. Ka3 {[%clk 0:56:57]} Nxe1
{[%clk 0:52:03]} 23. Rxe1 {[%clk 0:57:10]} Qe7+ {[%clk 0:51:00]} 24. Kb2
{[%clk 0:57:17]} Bxb1 {[%clk 0:51:08]} 25. Raxb1 {[%clk 0:57:28]} Rf2+
{[%clk 0:51:19]} 26. Ka1 {[%clk 0:57:22]} Qa3 {[%clk 0:51:38]} 0-1

[Event "World Chess Olympiad 2018"]
[Site "Batumi"]
[Date "2018.10.05"]
[Round "11"]
[Board "2"]
[WhiteFideId "16601661"]
[White "Tan Santiago Jr"]
[BlackFideId "31900097"]
[Black "Fernandes Tomas"]
[Result "1-0"]
[LiveChessVersion "1.4.8"]
[BlackElo "1627"]
[WhiteElo "1823"]

1. d4 {[%clk 1:30:54]} Nf6 {[%clk 1:30:55]} 2. Bf4 {[%clk 1:31:08]} e6
{[%clk 1:31:08]} 3. e3 {[%clk 1:31:08]} Bb4+ {[%clk 1:30:15]} 4. c3
{[%clk 1:31:26]} Be7 {[%clk 1:30:22]} 5. Nf3 {[%clk 1:31:39]} d5 {[%clk 1:30:31]}
6. Bd3 {[%clk 1:31:52]} O-O {[%clk 1:29:10]} 7. Nbd2 {[%clk 1:31:59]} c5
{[%clk 1:28:56]} 8. Rc1 {[%clk 1:32:04]} Nbd7 {[%clk 1:28:02]} 9. O-O
{[%clk 1:31:54]} Re8 {[%clk 1:28:16]} 10. Bb1 {[%clk 1:32:00]} b6
{[%clk 1:28:00]} 11. Re1 {[%clk 1:32:04]} Bb7 {[%clk 1:26:12]} 12. h3
{[%clk 1:31:22]} a5 {[%clk 1:22:15]} 13. a4 {[%clk 1:29:21]} Bf8 {[%clk 1:20:27]}
14. Qc2 {[%clk 1:29:04]} Rc8 {[%clk 1:18:06]} 15. Ne5 {[%clk 1:28:52]} g6
{[%clk 1:17:20]} 16. Bg5 {[%clk 1:28:57]} Bg7 {[%clk 1:12:17]} 17. f4
{[%clk 1:28:02]} cxd4 {[%clk 1:11:00]} 18. exd4 {[%clk 1:28:16]} Qc7
{[%clk 1:10:54]} 19. Qd3 {[%clk 1:27:39]} Nxe5 {[%clk 1:07:42]} 20. fxe5
{[%clk 1:27:39]} Nd7 {[%clk 1:06:16]} 21. Rf1 {[%clk 1:27:09]} Bc6
{[%clk 1:03:05]} 22. Bc2 {[%clk 1:26:35]} Rb8 {[%clk 1:02:56]} 23. Qf3
{[%clk 1:26:31]} Nf8 {[%clk 0:58:27]} 24. h4 {[%clk 1:26:32]} h5 {[%clk 0:56:06]}
25. Rf2 {[%clk 1:19:35]} Rb7 {[%clk 0:54:48]} 26. Nf1 {[%clk 1:15:36]} Nh7
{[%clk 0:54:16]} 27. g4 {[%clk 1:15:15]} Nxg5 {[%clk 0:53:41]} 28. hxg5
{[%clk 1:15:31]} Qe7 {[%clk 0:53:47]} 29. Qf4 {[%clk 1:15:36]} hxg4
{[%clk 0:51:39]} 30. Qxg4 {[%clk 1:15:41]} b5 {[%clk 0:51:07]} 31. axb5
{[%clk 1:14:07]} Bxb5 {[%clk 0:50:07]} 32. Ne3 {[%clk 1:14:20]} Reb8
{[%clk 0:50:00]} 33. Ra1 {[%clk 1:11:48]} Bc6 {[%clk 0:48:28]} 34. Ra2
{[%clk 1:11:55]} Qd8 {[%clk 0:48:24]} 35. Bxg6 {[%clk 1:10:46]} Be8
{[%clk 0:45:24]} 36. Bd3 {[%clk 1:10:25]} a4 {[%clk 0:43:14]} 37. Qf4
{[%clk 1:09:48]} Rb3 {[%clk 0:39:32]} 38. Ng4 {[%clk 1:09:25]} R8b7
{[%clk 0:39:04]} 39. Nf6+ {[%clk 1:09:40]} Kf8 {[%clk 0:38:04]} 40. g6
{[%clk 1:39:08]} Bxf6 {[%clk 1:05:43]} 41. exf6 {[%clk 1:39:09]} fxg6
{[%clk 1:04:29]} 42. Qh6+ {[%clk 1:39:09]} Kg8 {[%clk 1:02:58]} 43. Bxg6
{[%clk 1:38:31]} Bxg6 {[%clk 0:58:25]} 44. Qxg6+ {[%clk 1:38:36]} Kf8 45. Rh2
Qxf6 {[%clk 0:56:28]} 46. Qxf6+ {[%clk 1:38:55]} Ke8 {[%clk 0:56:17]} 47. Rxa4
{[%clk 1:38:57]} Kd7 {[%clk 0:55:22]} 48. Ra6 1-0

[Event "World Chess Olympiad 2018"]
[Site "Batumi"]
[Date "2018.10.05"]
[Round "11"]
[Board "3"]
[WhiteFideId "31900291"]
[White "dos Reis Tito"]
[BlackFideId "16601491"]
[Black "Salvadora Angelo"]
[Result "1-0"]
[LiveChessVersion "1.4.8"]
[BlackElo "1772"]
[WhiteElo "1627"]

1. f4 {[%clk 1:30:51]} e6 {[%clk 1:30:20]} 2. Nf3 {[%clk 1:31:06]} Be7
{[%clk 1:27:31]} 3. d4 {[%clk 1:31:24]} d5 {[%clk 1:23:22]} 4. e3
{[%clk 1:31:35]} Bh4+ {[%clk 1:21:57]} 5. g3 {[%clk 1:31:49]} Bf6
{[%clk 1:21:42]} 6. Bd3 {[%clk 1:31:49]} Nc6 {[%clk 1:20:52]} 7. c3
{[%clk 1:32:06]} Bd7 {[%clk 1:20:32]} 8. Nbd2 {[%clk 1:32:24]} Nh6
{[%clk 1:20:16]} 9. Qe2 {[%clk 1:32:41]} Qe7 {[%clk 1:19:31]} 10. Nb3
{[%clk 1:32:57]} b6 {[%clk 1:18:31]} 11. Nbd2 {[%clk 1:33:05]} Ng4
{[%clk 1:13:57]} 12. Ne5 {[%clk 1:31:55]} Ngxe5 {[%clk 1:12:45]} 13. dxe5
{[%clk 1:32:01]} Nxe5 {[%clk 1:08:09]} 14. fxe5 {[%clk 1:32:21]} Bxe5
{[%clk 1:08:32]} 15. Nf3 {[%clk 1:32:21]} Bf6 {[%clk 1:08:16]} 16. Bd2
{[%clk 1:32:31]} e5 {[%clk 1:08:36]} 17. e4 {[%clk 1:32:39]} c6 {[%clk 1:06:24]}
18. a3 {[%clk 1:30:55]} Bg4 {[%clk 1:06:44]} 19. O-O {[%clk 1:30:55]} O-O
{[%clk 1:06:44]} 20. Rae1 {[%clk 1:29:59]} Rfe8 {[%clk 1:06:23]} 21. Qf2
{[%clk 1:30:05]} Bh3 {[%clk 1:04:01]} 22. Kh1 {[%clk 1:29:19]} Bxf1
{[%clk 1:04:14]} 23. Qxf1 {[%clk 1:29:48]} Qd7 {[%clk 1:02:35]} 24. Qg2
{[%clk 1:29:44]} Rad8 {[%clk 1:02:07]} 25. g4 {[%clk 1:29:59]} g6
{[%clk 0:59:35]} 26. a4 {[%clk 1:29:51]} a5 {[%clk 0:59:27]} 27. exd5
{[%clk 1:30:02]} Re7 {[%clk 0:57:46]} 28. Bg5 {[%clk 1:23:38]} Qd6
{[%clk 0:55:45]} 29. Bxf6 {[%clk 1:23:26]} Qxf6 {[%clk 0:56:09]} 30. Qg3
{[%clk 1:21:27]} Rde8 {[%clk 0:55:52]} 31. Be4 {[%clk 1:21:04]} cxd5
{[%clk 0:54:52]} 32. Bxd5 {[%clk 1:21:00]} e4 {[%clk 0:54:56]} 33. Nd4
{[%clk 1:20:47]} e3 {[%clk 0:54:37]} 34. Re2 {[%clk 1:20:49]} Qf1+
{[%clk 0:52:17]} 35. Qg1 {[%clk 1:20:25]} Qf4 {[%clk 0:49:45]} 36. Qg2
{[%clk 1:19:42]} Re5 {[%clk 0:47:36]} 37. Qf3 {[%clk 1:13:33]} Qxf3+
{[%clk 0:44:01]} 38. Bxf3 {[%clk 1:13:49]} f5 {[%clk 0:40:28]} 39. gxf5
{[%clk 1:12:41]} gxf5 {[%clk 0:40:34]} 40. Bh5 {[%clk 1:41:06]} Rf8
{[%clk 1:10:06]} 41. Kg2 {[%clk 1:39:17]} f4 {[%clk 1:10:09]} 42. Bf3
{[%clk 1:38:54]} Rg5+ {[%clk 1:09:36]} 43. Kf1 {[%clk 1:38:50]} Rf6
{[%clk 1:09:21]} 44. Rg2 {[%clk 1:38:49]} Rxg2 {[%clk 1:08:18]} 45. Bxg2
{[%clk 1:38:11]} Kf7 {[%clk 1:07:36]} 46. Ke2 {[%clk 1:38:27]} Ke7
{[%clk 1:07:49]} 47. Kf3 {[%clk 1:38:44]} Kd6 {[%clk 1:07:20]} 48. Bh3
{[%clk 1:38:30]} Ke5 {[%clk 1:06:46]} 49. Bf1 {[%clk 1:36:02]} Rh6
{[%clk 1:04:39]} 50. h3 {[%clk 1:36:05]} Rg6 {[%clk 1:04:03]} 51. Ne2
{[%clk 1:33:25]} Rf6 {[%clk 1:04:07]} 52. Nc1 {[%clk 1:33:03]} Kf5
{[%clk 1:01:21]} 53. Bd3+ {[%clk 1:27:32]} Kg5 {[%clk 1:00:00]} 54. Bf1
{[%clk 1:23:44]} Kf5 {[%clk 0:58:06]} 55. h4 {[%clk 1:23:52]} Rh6
{[%clk 0:56:46]} 56. Bd3+ {[%clk 1:23:32]} Ke5 {[%clk 0:56:03]} 57. Kg4
{[%clk 1:23:33]} Rd6 {[%clk 0:54:44]} 58. Bxh7 {[%clk 1:17:40]} Rf6
{[%clk 0:43:45]} 59. Nd3+ {[%clk 1:17:38]} Kd6 {[%clk 0:43:58]} 60. Be4
{[%clk 1:15:23]} Re6 {[%clk 0:41:48]} 61. Kxf4 {[%clk 1:15:08]} e2
{[%clk 0:40:37]} 62. h5 {[%clk 1:14:35]} Ke7 {[%clk 0:40:03]} 63. Ne1
{[%clk 1:12:40]} Kf8 {[%clk 0:39:10]} 64. Kf3 {[%clk 1:12:43]} Kg7
{[%clk 0:37:26]} 65. Bd3 {[%clk 1:13:00]} Kh6 {[%clk 0:37:38]} 66. Bg6
{[%clk 1:13:06]} Kg7 {[%clk 0:37:31]} 67. Kf2 {[%clk 1:13:19]} Re7
{[%clk 0:37:26]} 68. Bd3 {[%clk 1:13:33]} Kh6 {[%clk 0:35:09]} 69. Bxe2
{[%clk 1:13:51]} Rd7 {[%clk 0:34:49]} 70. Nd3 {[%clk 1:14:04]} Rd5
{[%clk 0:33:29]} 71. c4 {[%clk 1:13:27]} Rf5+ {[%clk 0:31:26]} 72. Ke3
{[%clk 1:13:42]} Rg5 {[%clk 0:31:26]} 73. b3 {[%clk 1:13:38]} Rg1
{[%clk 0:30:49]} 74. Kd4 {[%clk 1:13:28]} Rb1 {[%clk 0:29:29]} 75. Kc3
{[%clk 1:13:39]} Kg5 {[%clk 0:29:30]} 76. c5 {[%clk 1:13:02]} bxc5
{[%clk 0:29:23]} 77. Nxc5 {[%clk 1:13:18]} Rc1+ {[%clk 0:29:06]} 78. Kd4
{[%clk 1:13:19]} Rc2 {[%clk 0:28:35]} 79. Bd3 {[%clk 1:13:16]} Rb2
{[%clk 0:27:26]} 80. Bg6 {[%clk 1:13:32]} Rd2+ {[%clk 0:27:02]} 81. Kc4
{[%clk 1:13:49]} Kh6 {[%clk 0:25:48]} 82. Nb7 {[%clk 1:12:33]} Rc2+
{[%clk 0:23:43]} 83. Bxc2 1-0

[Event "World Chess Olympiad 2018"]
[Site "Batumi"]
[Date "2018.10.05"]
[Round "11"]
[Board "4"]
[WhiteFideId "16601246"]
[White "Toribiong Leif"]
[BlackFideId "31900348"]
[Black "Fatima Jose"]
[Result "0-1"]
[LiveChessVersion "1.4.8"]
[BlackElo "1587"]
[WhiteElo "1323"]

1. d4 {[%clk 1:29:42]} c5 {[%clk 1:30:46]} 2. Nf3 {[%clk 1:29:59]} Nc6
{[%clk 1:30:58]} 3. g3 {[%clk 1:30:00]} d5 {[%clk 1:31:14]} 4. e3
{[%clk 1:28:40]} Bg4 {[%clk 1:31:35]} 5. Bg2 {[%clk 1:28:31]} Nf6
{[%clk 1:31:46]} 6. O-O {[%clk 1:28:41]} h5 {[%clk 1:31:54]} 7. Qe1
{[%clk 1:28:39]} Qd7 {[%clk 1:31:59]} 8. Ng5 {[%clk 1:28:13]} e6 {[%clk 1:31:30]}
9. c3 {[%clk 1:28:27]} O-O-O {[%clk 1:31:18]} 10. e4 {[%clk 1:28:05]} h4
{[%clk 1:31:11]} 11. h3 {[%clk 1:28:18]} Bh5 {[%clk 1:30:50]} 12. e5
{[%clk 1:28:19]} Ne8 {[%clk 1:30:50]} 13. g4 {[%clk 1:28:32]} Bg6
{[%clk 1:30:41]} 14. Qe3 {[%clk 1:26:54]} Nc7 {[%clk 1:30:12]} 15. dxc5
{[%clk 1:25:57]} f6 {[%clk 1:30:16]} 16. Nf3 {[%clk 1:21:49]} Be4
{[%clk 1:30:27]} 17. exf6 {[%clk 1:20:09]} gxf6 {[%clk 1:30:45]} 18. Nbd2
{[%clk 1:19:59]} f5 {[%clk 1:29:49]} 19. g5 {[%clk 1:16:32]} Be7 {[%clk 1:29:10]}
20. Nxe4 {[%clk 1:15:15]} fxe4 {[%clk 1:29:30]} 21. Nd4 {[%clk 1:15:11]} Bxc5
{[%clk 1:28:30]} 22. Rd1 {[%clk 1:14:59]} e5 {[%clk 1:28:43]} 23. Qe1
{[%clk 1:06:27]} exd4 {[%clk 1:27:59]} 24. cxd4 {[%clk 1:06:43]} Nxd4
{[%clk 1:26:51]} 25. Qc3 {[%clk 1:04:53]} Ne2+ {[%clk 1:27:03]} 26. Kf1
{[%clk 1:05:11]} Nxc3 {[%clk 1:27:21]} 27. bxc3 {[%clk 1:04:47]} Rhf8
{[%clk 1:27:10]} 28. Rd2 {[%clk 1:03:42]} Qf5 {[%clk 1:27:15]} 29. f3
{[%clk 1:03:26]} exf3 {[%clk 1:27:33]} 30. Bh1 {[%clk 1:00:35]} Qxh3+
{[%clk 1:27:50]} 31. Ke1 {[%clk 1:01:02]} Qxh1# {[%clk 1:28:03]} 0-1